000
00260nam a22001217a 4500
008
170131b xxu||||| |||| 00| 0 eng d
041
_a
eng
080
_2
3RD
_a
61
100
_a
3
101
_a
SHM
245
_a
MEDICAL TERMINOLOGY
_c
THIERER, N
942
_2
udc
_c
BK
999
_c
4133
_d
4133